书目信息 |
| 题名: |
震惊世界的考古大揭秘
|
|
| 作者: | 姜庆和 , 孙守方 主编 | |
| 分册: | ||
| 出版信息: | 北京 中国编译出版社 2009.10 |
|
| 页数: | 344页 | |
| 开本: | 24cm | |
| 丛书名: | ||
| 单 册: | ||
| 中图分类: | K86-49 | |
| 科图分类: | ||
| 主题词: | 文物--考古--世界 | |
| 电子资源: | ||
| ISBN: | 978-7-80211-881-2 | |
| 000 | 01059 nam 000301 | |
| 001 | 0100030054 | |
| 005 | 20120108102823.51 | |
| 010 | @a978-7-80211-881-2@dCNY39.80 | |
| 100 | @a20100531d1997 em y0chiy0121 ea | |
| 101 | @achi | |
| 102 | @aCN@b110000 | |
| 105 | @ay z 000yy | |
| 106 | @ar | |
| 200 | 10 | @a震惊世界的考古大揭秘@Azhen jing shi jie de kao gu da jie bi@9zhen jing shi jie de kao gu da jie mi@e震惊世界的143个考古发现@f姜庆和,孙守方主编@Fjiang qing he sun shou fang zhu bian |
| 210 | @a北京@c中国编译出版社@d2009.10 | |
| 215 | @a344页@d24cm | |
| 300 | @a探索与发现 | |
| 330 | @a本书内容包括:震惊世界的考古新发现、寻找历史的真相、破解历史传说中的谜题、探索史前文明的迷雾等。 | |
| 410 | 0 | @12001 |
| 517 | 1 | @a震惊世界的143个考古发现 |
| 540 | @a震惊世界的考古大揭秘 | |
| 606 | @a文物@x考古@x世界 | |
| 690 | @aK86-49@v4 | |
| 701 | 0 | @a姜庆和@Ajiang qing he@9jiang qing he@4主编 |
| 701 | 1 | @a孙守方@Asun shou fang@9sun shou fang@4主编 |
| 801 | @aCN@bDYGS@c20100504 | |
| 901 | @a210602 | |
| 905 | @b953579-81@dK86-49@eJ520@f3 | |
| 震惊世界的考古大揭秘:震惊世界的143个考古发现/姜庆和,孙守方主编.-北京:中国编译出版社,2009.10 |
| 344页;24cm |
| 探索与发现 |
| ISBN 978-7-80211-881-2:CNY39.80 |
| 本书内容包括:震惊世界的考古新发现、寻找历史的真相、破解历史传说中的谜题、探索史前文明的迷雾等。 |
| ● |
| 相关链接 |
|
|
|
正题名:震惊世界的考古大揭秘
索取号:K86-49/J520
 
预约/预借
| 序号 | 登录号 | 条形码 | 馆藏地/架位号 | 状态 | 备注 |
| 1 | 953579 | 209535797 | 社科库309/309社科库 19排4列2层/ [索取号:K86-49/J520] | 在馆 | |
| 2 | 953580 | 209535804 | 社科库309/309社科库 7排1列4层/ [索取号:K86-49/J520] | 在馆 | |
| 3 | 953581 | 209535813 | 社科库309/309社科库 7排1列4层/ [索取号:K86-49/J520] | 在馆 |